000 01125nas a2200337 a 4500
001 000466407
003 AM-YeHGA
005 20250617133726.0
008 051130c19569999|||brzp 0 0eng d
022 _a0862-7940
040 _aAM-YeHGA
041 0 _aeng
210 0 _aAppl. math.
222 0 _aApplications of mathematics
_b(Prague)
245 0 0 _aApplications of mathematics.
260 _aPraha :
_bAcademia ;
_aNew York, N.Y. :
_bPlenum Pub. Corp., distributors,
_c1956-.
300 _av.
310 _aBimonthly
362 0 _a1956-
500 _aTitle from cover.
546 _aChiefly in English, with some German; summaries in Czech.
550 _aPublished by: Mathematical institute, Academy of Sciences of the Czech Republic
650 0 4 _aԱմսագիր
650 1 4 _aMathematics
_vPeriodicals
710 2 _aAcademy of Sciences of the Czech Republic
_bMathematical institute
776 1 _tApplications of mathematics (Prague, Czechoslovakia : Online)
_x1572-9109
780 0 0 _tAplikace matematiky
_x0373-6725
856 4 _uwww.math.cas.cz/AM.html.
942 _2udc
_cCR
090 _c171561
999 _c170124
_d170124